| 000 -LEADER |
| fixed length control field |
00740nam a22000977a 4500 |
| 008 - FIXED-LENGTH DATA ELEMENTS--GENERAL INFORMATION |
| fixed length control field |
200720b ||||| |||| 00| 0 eng d |
| 100 ## - MAIN ENTRY--AUTHOR'S NAME |
| Author's Name |
Superson, Eduard |
| 245 ## - TITLE STATEMENT |
| Title |
Poland occupied in World War II and Holocaust, 1939-1945 (3rd Ed. Rev.) |
| 260 ## - PUBLICATION, DISTRIBUTION, ETC. (IMPRINT) |
| Place of publication, distribution, etc. |
Panama City, Florida, U.S.A |
| Name of publisher, distributor, etc. |
Edward T. Superson (Tallahassee, Florida, U.S.A. : Kinko's Graphics Corp.) |
| Date of publication, distribution, etc. |
1987 |
| 650 ## - TOPICAL TERM (Tag) |
| Topical term or geographic name |
Poland | World War II, 1939-1945 | Holocaust, Jewish (1939-1945) | Postal History | Postal Markings | Occupation Issues | Overprints and Surcharges | Provisionals and Forerunners | Prisoner-of-War and Internee Mail | Military Mail | Censored Mail | Germany -- Occupation of Poland (1939-1944) | Russian Related | Russia | Union of Soviet Socialist Republics (1917-1991) |